| 000 | 01539nam a2200421 i 4500 | ||
|---|---|---|---|
| 001 | 7691 | ||
| 003 | KOSZ 005 | ||
| 005 | 20200428083734.0 | ||
| 008 | 200428s1974 pl a f 001 0 pol | ||
| 015 | _aPB 5291/74 | ||
| 035 | _a(OCoLC)830807430 | ||
| 040 |
_aWA N _cWA N _dKOSZ 005/HR _dKOSZ 005/RW |
||
| 046 | _k1974 | ||
| 080 | _a69 | ||
| 080 | _a624 | ||
| 080 | _a(083.1) | ||
| 245 | 0 | 0 |
_aPoradnik inżyniera i technika budowlanego. _nT. 3, _pBudownictwo wiejskie : praca zbiorowa / _cpod kierunkiem Zdzisława Witebskiego. |
| 260 |
_aWarszawa : _b"Arkady", _c1974. |
||
| 300 |
_a730, [2] stron : _bilustracje, wykresy ; _c21 cm. |
||
| 336 |
_aTekst _btxt _2rdacontent |
||
| 337 |
_aBez urządzenia pośredniczącego _bn _2rdamedia |
||
| 338 |
_aWolumin _bnc _2rdacarrier |
||
| 380 | _aKsiążki | ||
| 380 | _aPublikacje fachowe | ||
| 388 | _a1901-2000 | ||
| 388 | _a1945-1989 | ||
| 504 | _aBibliografia przy rozdziałach. Indeks. | ||
| 521 | 8 | _aKsiążka jest przeznaczona dla inżynierów i techników budownictwa, pracujących w biurach projektów i wykonawstwie w zakresie budownictwa wiejskiego. | |
| 650 | 7 | _aBudownictwo | |
| 650 | 7 | _aBudownictwo wiejskie | |
| 655 | 7 | _aPraca zbiorowa | |
| 655 | 7 | _aPoradnik | |
| 658 | _aArchitektura i budownictwo | ||
| 700 | 1 |
_aWitebski, Zdzisław _eRedakcja |
|
| 710 | 2 |
_aWydawnictwo Arkady _4pbl |
|
| 856 |
_uhttp://koha.tu.koszalin.pl/cgi-bin/koha/opac-detail.pl?biblionumber=7691 _yKatalog online BPK |
||
| 942 |
_2UKD _cKS |
||
| 999 |
_c7691 _d7691 |
||